000 00441nam a2200181Ia 4500
005 20240823005821.0
008 240823s9999||||xx |||||||||||||| ||und||
041 _aENGLISH
082 _A005.133 N8
100 _aStephen Patra
245 0 _aC++ Primer Plus Mitchell Waite Series
250 _a1st
260 _c1998
_b"Techmedia,New Delhi"
500 _aYES
650 _aC++
_bComputer Applications
942 _cBK
999 _c156811
_d156811